Paper towel testing : teacher's guide, grades 5-9

Αποθηκεύτηκε σε:
Λεπτομέρειες βιβλιογραφικής εγγραφής
Κύριος συγγραφέας: Sneider, Cary Ivan
Άλλοι συγγραφείς: Barber, Jacqueline
Μορφή: Βιβλίο
Γλώσσα:English
Δημοσίευση: Berkeley, CA : Gems, c1987
Θέματα:
Ετικέτες: Προσθήκη ετικέτας
Δεν υπάρχουν, Καταχωρήστε ετικέτα πρώτοι!

MARC

LEADER 00000nam a2200000 i 4500
001 1/90964
008 991008s1987 eng d
020 |a 0-912511-65-6 
035 |l 10053355 
040 |a GR-MY-UA  |b gre  |e aacr 
041 0 |a eng 
082 0 |a 620.1970287 
100 1 |a Sneider, Cary Ivan. 
245 1 0 |a Paper towel testing :  |b teacher's guide, grades 5-9 /  |c Cary I. Sneider, Jacqueline Barber 
260 |a Berkeley, CA :   |b Gems,   |c c1987 
300 |a 29 p. 
650 0 0 |a Consumer education. 
650 0 0 |a Paper products  |x Quality  |x Testing. 
650 0 0 |a Science  |x Methodology  |x Study and teaching (Elementary) 
700 1 |a Barber, Jacqueline. 
852 |a INST  |b RHODES  |e 19991008  |h 620.1970287 SNE  |p 005400008581  |q 005400008581  |t BK  |y 0 
909 |a Ρ  |b 023818 
922 |a 4ΕΛΗ  |b 199205  |c ΜΑΜΑΛΙΓΚΑ 
970 |a ΧΟΡΟΖΙΔΟΥ  |b ΤΖΕΝΗ  |z 1999/10/08